=LDR 00000nam 2200000 4500 =001 INLIS000000000003710 =005 20130612092019 =008 ***********************************Ind** =035 ##$$0010-061300000003710 =041 ##$$a Ind =082 ##$$a 541.22 =090 ##$$a 541.22, Van m =100 ##$$a Vaneleave, Janice =245 ##$$a Molekul, berbagai percobaan menakjubkan yang dapat dijadikan proyek pameran sains, Janice Vaneleave =260 ##$$a 1997 $b Jakarta =300 ##$$a 104 hlm., ilus., 21 cm =650 ##$$a Molekul =850 ##$$a NBPNMAT